Statistics for Countries of the World in Welsh - Gwledydd y Byd

Click here to take the quiz!

General Stats

  • This quiz has been taken 299 times
  • The average score is 49 of 196

Answers on the Map

Answers color-coded by a green-red scale on the quiz's map according to % correct below.
 

Answer Stats

Country% Correct
Canada
76%
India
61%
Brasil
60%
Japan
52%
Awstralia
48%
Iran
44%
Pakistan
44%
Chile
42%
Gweriniaeth
Ddemocrataidd
y Congo
42%
Mongolia
42%
Oman
42%
Niger
41%
Colombia
40%
Mali
40%
Mecsico
40%
Rwsia
40%
Sweden
40%
Almaen
39%
De Affrica
39%
Gweriniaeth y Congo
39%
Iwerddon
39%
Panama
39%
Ffrainc
38%
Haiti
38%
Nigeria
38%
Sbaen
38%
Eidal
37%
Ghana
37%
Irac
37%
Somalia
37%
Estonia
36%
Ethiopia
36%
Nepal
36%
Togo
36%
Algeria
35%
Angola
35%
Indonesia
35%
Laos
35%
Serbia
35%
Croatia
34%
Deyrnas Unedig
34%
Jamaica
34%
Lesotho
34%
Namibia
34%
Albania
33%
Bahamas
33%
Bangladesh
33%
Cambodia
33%
Bosnia-
Hertsegofina
32%
Eritrea
32%
Malawi
32%
Unol Daleithiau
32%
Awstria
31%
Benin
31%
Botswana
31%
Costa Rica
31%
De Corea
31%
Denmarc
31%
Portiwgal
31%
Senegal
31%
Syria
31%
Twrci
31%
Dominica
30%
Gabon
30%
Gogledd Corea
30%
Gwlad yr Iâ
30%
Israel
30%
Liberia
30%
Libia
30%
Montenegro
30%
Myanmar
30%
Norwy
30%
Rwanda
30%
Seland Newydd
30%
Cenia
29%
Gwlad Belg
29%
Gwlad Pwyl
29%
Malta
29%
Samoa
29%
Georgia
28%
Latfia
28%
Moroco
28%
Swdan
28%
Taiwan
28%
Tonga
28%
Armenia
27%
Ecwador
27%
Belarws
26%
Bolifia
26%
Bwlgaria
26%
Gambia
26%
Sambia
26%
Andorra
25%
Barbados
25%
Belîs
25%
Comoros
25%
Fietnam
25%
Gwatemala
25%
Moldofa
25%
Qatar
25%
São Tomé a Príncipe
25%
Sierra Leone
25%
Simbabwe
25%
Ariannin
24%
Ciwba
24%
De Swdan
24%
Ffindir
24%
Iseldiroedd
24%
Macedonia
24%
San Marino
24%
Slofacia
24%
Slofenia
24%
Tansanïa
24%
Aifft
22%
Bahrain
22%
Cyprus
22%
Liechtenstein
22%
Mosambic
22%
Nicaragwa
22%
Swistir
22%
Hondwras
21%
Hwngari
21%
Monaco
21%
Periw
21%
Rwmania
21%
Seychelles
21%
Sri Lanca
21%
Taleithiau Ffederal
Micronesia
21%
Trinidad a Thobago
21%
Wcráin
21%
Wrwgwái
21%
Camerŵn
20%
Cote d'Ivoire
Arfordir Ifori
20%
Feneswela
20%
Grenada
20%
Gwlad Groeg
20%
Iemen
20%
Paragwâi
20%
Singapôr
20%
Bwrwndi
19%
Cosofo
19%
El Salfador
19%
Maldives
19%
Sawdi Arabia
19%
Swrinam
19%
Tsieina
19%
Wganda
19%
Gwlad Tai
18%
Affganistan
17%
Lithwania
17%
Nawrw
17%
Ciribati
16%
Fatican
16%
Mawritania
16%
Palaw
16%
Aserbaijan
15%
Gini
15%
Sant Vincent
a'r Grenadinnau
15%
Sant Kitts-Nevis
14%
Casachstan
13%
Fanwatw
13%
Timor-Leste
Dwyrain Timor
13%
Twfalw
13%
Bhwtan
12%
Cabo Verde
Penrhyn Verde
12%
Cirgistan
12%
Ffiji
12%
Gweriniaeth Dominica
12%
Lwcsembwrg
12%
Tsiad
12%
Wsbecistan
12%
Jibwti
11%
Tajicistan
11%
Tiwnisia
11%
Ynysoedd Marshall
11%
Brwnei
10%
Gini Bisaw
10%
Gwlad Swasi
10%
Tsiecia
10%
Ynysoedd Solomon
10%
Bwrcina Ffaso
9%
Ciwait
9%
Gaiana
9%
Emiradau
Arabaidd Unedig
8%
Maleisia
7%
Papua Guinea Newydd
7%
Sant Lwsia
7%
Gweriniaeth
Canolbarth Affrica
6%
Iorddonen
6%
Libanus
6%
Madagasgar
6%
Mawrisiws
5%
Antigwa a Barbiwda
4%
Tyrcmenistan
4%
Philipinau
2%
Gini Gyhydeddol
1%

Score Distribution

Percentile by Number Answered

Percent of People with Each Score

Your Score History

You have not taken this quiz